000 00881nam a2200241Ia 4500
003 OSt
005 20220923212554.0
006 a|||||r|||| 00| 0
007 ta
008 220922b |||||||| |||| 00| 0 hin d
024 _a154,144
037 _cTextual
040 _aARTS
_cARTS
_bhin
041 _2hin
_ahin
082 _aO152vJ, M2
100 _aशर्मा, हरवंश लाल; शर्मा, शेखर
_9162603
245 0 _aहिन्दी साहित्य का इतिहास भक्तिकाल
246 _aHindī sāhitya kā itihās bhaktikāla
260 _aनई दिल्ली
_b शिवालोक प्रकाशन
_c1982
300 _a106 पृ.
_ccm.
942 _hO152vJ, M2
_cTEXL
_2CC
999 _c309772
_d309772